Screening Hevea clones for tolerance to drought in the initial field exposure (Record no. 49128)

MARC details
000 -LEADER
fixed length control field 00523nam a2200193Ia 4500
100 ## - MAIN ENTRY--AUTHOR NAME
Personal name Reju M.J
245 #0 - TITLE STATEMENT
Title Screening Hevea clones for tolerance to drought in the initial field exposure
260 ## - PUBLICATION, DISTRIBUTION, ETC. (IMPRINT)
Name of publisher Rubber Science
Year of publication 2020
300 ## - PHYSICAL DESCRIPTION
Number of Pages 53-58
650 ## - SUBJECT ADDED ENTRY--TOPICAL TERM
Topical Term Drought tolerance
650 ## - SUBJECT ADDED ENTRY--TOPICAL TERM
Topical Term Hevea clones
650 ## - SUBJECT ADDED ENTRY--TOPICAL TERM
Topical Term Large scale evaluation
650 ## - SUBJECT ADDED ENTRY--TOPICAL TERM
Topical Term Weather parameters
700 ## - ADDED ENTRY--PERSONAL NAME
Personal name Mydin K.K
700 ## - ADDED ENTRY--PERSONAL NAME
Personal name Ravichandran S
700 ## - ADDED ENTRY--PERSONAL NAME
Personal name Singh M
942 ## - ADDED ENTRY ELEMENTS (KOHA)
Koha item type Bibliography STAF
Holdings
Withdrawn status Lost status Damaged status Not for loan Home library Current library Shelving location Date acquired Serial Enumeration / chronology Koha item type
      Bibliography RRII Library RRII Library Botany 09/04/2014 Volume 33, Issue 1 Bibliography STAF